| 000 | 00586nam a2200217Ia 4500 | ||
|---|---|---|---|
| 005 | 20250508164400.0 | ||
| 008 | 008 250505s9999 xx 000 0 hin d | ||
| 020 | _a81-267-0806-9 | ||
| 037 | _aTextual | ||
| 040 |
_aFEDL _beng _cFEDL |
||
| 041 |
_ahin _2eng |
||
| 084 |
_a891.433, GIR _qFEDL |
||
| 100 | _aGiriraj Kishore | ||
| 245 | 0 | _aJugalbandi | |
| 260 |
_aNew Delhi, India _bRaj Kamal Prakashan Pvt Ltd _c2003 |
||
| 300 | _a340p. | ||
| 365 |
_aINR _b300 |
||
| 650 | _aHindi literature-Novel | ||
| 942 |
_cTEXL _h891.433, GIR |
||
| 999 |
_c1388860 _d1388860 |
||